Top 25 Best Superheroes in the Marvel Cinematic Universe - Statistics

General Stats
  • This quiz has been taken 119 times
    65 since last reset
  • The average score is 17 of 25
Answer Stats
Numbers 1-25 Answer % Correct
5 Iron Man
100%
3 Thor
100%
6 Captain America
98%
21 Hulk
98%
7 Spider Man
96%
17 Black Widow
92%
23 Black Panther
88%
1 Hawkeye
84%
2 Doctor Strange
82%
10 Ant Man
80%
8 Scarlet witch
80%
15 Wolverine
72%
4 Deadpool
70%
18 Star Lord
70%
22 Vision
66%
20 Drax
60%
14 Rocket Raccoon
60%
16 The Winter Soldier
60%
24 War Machine
58%
13 The Thing
44%
9 Human Torch
40%
11 Mr. Fantastic
40%
19 Invisible Woman
38%
25 Shang Chi
38%
12 Yelena Belova
32%
No matching quizzes found
Score Distribution
Percent of People with Each Score
Percentile by Number Answered
Your Score History
You have not taken this quiz since the last reset